| 000 | 00807nam a22002057a 4500 | ||
|---|---|---|---|
| 999 |
_c965 _d965 |
||
| 003 | AR-CdUCM | ||
| 008 | 190226b ||||| |||| 00| 0 spa d | ||
| 040 |
_aMUNICIPALIDAD PROVINCIAL DEL CUSCO _cBIBLIOTECA MUNICIPAL DEL CUSCO |
||
| 082 |
_a271.9 / _bM84 |
||
| 100 |
_aMontoya, F. Martin _93759 |
||
| 245 | _aReligiosas en el frente seglar femenino / | ||
| 260 |
_aBilbao : _bEl mensajero del corazón de Jesús, _c1967. |
||
| 300 |
_a271 páginas ; _c19.5 cm. |
||
| 505 | _aContenido: Religiosa y mundo de hoy -- Religiosa y el mundo seglar -- religiosa y el mundo femenino -- Educación de la fe y la libertad religiosa -- Educación ante los problemas del amor ... | ||
| 650 |
_aDoctrina _91208 |
||
| 650 |
_aMujeres _93760 |
||
| 650 |
_aIglesia _91428 |
||
| 942 |
_2ddc _cLIBROS |
||
| 945 |
_aafb _d2019-02-26 |
||